000 00357cam a2200133ua 4500
003 OSt
008 230320b |||||||| |||| 00| 0 eng d
041 _aeng
082 _a628.132
_bCBI/CA
245 _aCapacity survey of storage reservoirs
260 _aNew Delhi :
_bCentral Board of Irrigation and Power (CBIP) ,
_c1995.
300 _a400 ; .
942 _cBK
999 _c6327
_d6327